| Tag |
First Indicator |
Second Indicator |
Subfields |
| LEADER |
00000cam a2200000Ii 4500 |
| 001 |
in00002108917 |
| 005 |
20151103051020.0 |
| 008 |
770315s1976 mdua f000 0 eng d |
| 035 |
|
|
|a (OCoLC)ocm02804724
|
| 040 |
|
|
|a OLA
|c OLA
|d TXA
|d UtOrBLW
|
| 043 |
|
|
|a n-us-va
|a n-us-md
|a n-us-de
|
| 049 |
|
|
|a TXAM
|
| 086 |
0 |
|
|a C 55.13/2:NWS HYDRO-32
|
| 090 |
|
|
|a QC851.U6
|b H9 no.32
|
| 100 |
1 |
|
|a Ho, Francis P.
|
| 245 |
1 |
0 |
|a Storm tide frequency analysis for the open coast of Virginia, Maryland, and Delaware /
|c Francis P. Ho [and others].
|
| 264 |
|
1 |
|a Silver Spring, Md. :
|b Office of Hydrology, National Weather Service,
|c 1976.
|
| 300 |
|
|
|a 52 pages :
|b illustrations ;
|c 27 cm.
|
| 336 |
|
|
|a text
|b txt
|2 rdacontent
|
| 337 |
|
|
|a unmediated
|b n
|2 rdamedia
|
| 338 |
|
|
|a volume
|b nc
|2 rdacarrier
|
| 490 |
1 |
|
|a NOAA technical memorandum ; NWS HYDRO-32
|
| 504 |
|
|
|a Bibliography: pages 30-33.
|
| 530 |
|
|
|a Also issued via the World Wide Web
|
| 650 |
|
0 |
|a Storm surges
|z Virginia.
|
| 650 |
|
0 |
|a Storm surges
|z Maryland.
|
| 650 |
|
0 |
|a Storm surges
|z Delaware.
|
| 650 |
|
0 |
|a Hurricanes
|z Atlantic Coast (U.S.)
|
| 710 |
1 |
|
|a United States.
|b Office of Hydrology.
|
| 710 |
1 |
|
|a United States.
|b National Weather Service.
|
| 810 |
1 |
|
|a United States.
|b National Oceanic and Atmospheric Administration.
|t NOAA technical memorandum ;
|v NWS HYDRO-32.
|
| 856 |
4 |
2 |
|u http://unicorn.csc.noaa.gov/docs/czic/QC851.U6%5FH9%5Fno.32/95DD5B.pdf
|q application/pdf
|s 2 MB
|t 0
|
| 994 |
|
|
|a C0
|b TXA
|
| 999 |
|
|
|a MARS
|
| 999 |
f |
f |
|s 08a6090d-7fba-3c3f-80d5-6734885c9970
|i e2d4898c-a658-3f52-a37a-cde13f740f36
|t 0
|
| 952 |
f |
f |
|p normal
|a Texas A&M University
|b College Station
|c Sterling C. Evans Library
|d Evans: US Documents (Annex 5th floor)
|t 0
|e C 55.13/2:NWS HYDRO-32
|h Superintendent of Documents classification
|i unmediated -- volume
|m A14833519174
|
| 998 |
f |
f |
|a C 55.13/2:NWS HYDRO-32
|t 0
|l Evans: US Documents (Annex 5th floor)
|